County Seats of Nova Scotia - Statistics

General Stats
  • This quiz has been taken 55 times
  • The average score is 16 of 18
Answer Stats
County Name County Seat % Correct
Antigonish Antigonish
97%
Digby Digby
97%
Halifax Halifax
97%
Cape Breton Sydney
97%
Lunenburg Lunenburg
94%
Pictou Pictou
94%
Yarmouth Yarmouth
94%
Annapolis Annapolis Royal
90%
Guysborough Guysborough
90%
Colchester Truro
90%
Hants Windsor
90%
Shelburne Shelburne
87%
Cumberland Amherst
84%
Victoria Baddeck
77%
Kings Kentville
77%
Queens Liverpool
74%
Richmond Arichat
65%
Inverness Port Hood
65%
No matching quizzes found
Score Distribution
Percent of People with Each Score
Percentile by Number Answered
Your Score History
You have not taken this quiz